000
00317nam a2200133Ia 4500
008
191206s9999 xx 000 0 und d
020
_a
862329728
090
_a
LC72A42
245
0
_a
Academic Freedom 1990
260
_a
WUS
260
_c
cc1990-c1996
300
_a
4 v. ; 23 cm.
999
_c
15391
_d
15391